000 00828nam a2200289Ia 4500
001 Z_1353
003 CHAP
008 220113s1977 xx 000 0 und d
010 _a164441
040 _cCHAP
090 _aTesis P 702
100 _aPetersen, Lyle A
_987608
245 _aCorn gluten meal as a protein source for cattle /
_cby Lyle A. Petersen
260 _aLincoln, Nebraska :
_bThe author,
_c1977
300 _a45 h
502 _aThesis (Master of Science) -- University of Nebraska. Department of Animal Science
650 _aGanado vacuno
_xAlimentación
_945429
650 _aHarina de maíz
_952713
650 _aMaíz
_xGluten
_970968
650 _aProteínas en nutrición animal
_992454
901 _aTESIS P 702
902 _aM
910 _a1977
942 _c2
942 _c2
999 _c164441
_d164441